All Countries in their Native Languages - Statistics

General Stats
  • This quiz has been taken 150 times
  • The average score is 101 of 196
Answers on the Map
Answers color-coded by a green-red scale on the quiz's map according to % correct below.
 
Answer Stats
Country Language(s) Answer % Correct
United Kingdom English United Kingdom
95%
United States English United States
95%
Canada English Canada
94%
Mexico Spanish México
93%
Ireland English, Irish Ireland / Éire
90%
Australia English Australia
88%
Chile Spanish Chile
88%
Germany German Deutschland
88%
Cuba Spanish Cuba
87%
France French France
87%
Haiti Creole, French Haïti / Ayiti
87%
Peru Spanish Perú
87%
Argentina Spanish Argentina
86%
Bolivia Spanish, Quechua Bolivia / Wuliwya / Qullasuyuqa
86%
Colombia Spanish Colombia
86%
Spain Spanish España
86%
Italy Italian Italia
86%
Portugal Portuguese Portugal
86%
Brazil Portuguese Brasil
85%
Ecuador Spanish Ecuador
85%
Guyana English, Creole Guyana
85%
Nicaragua Spanish Nicaragua
85%
Paraguay Spanish, Guarani Paraguay / Paraguái
85%
Suriname Dutch, Creole Suriname
85%
Uruguay Spanish Uruguay
85%
Venezuela Spanish Venezuela
85%
Belize English, Spanish, Creole Belize / Belice / Bileez
83%
Jamaica Patois, English Jumieka / Jamaica
83%
New Zealand English New Zealand
83%
Panama Spanish Panamá
83%
Costa Rica Spanish Costa Rica
82%
El Salvador Spanish El Salvador
82%
Guatemala Spanish Guatemala
82%
Honduras Spanish Honduras
82%
Bahamas English Bahamas
81%
Dominica English, Creole Dominica / Donmnik
80%
St. Lucia English, Creole Saint Lucia / Sent Lisi
79%
St. Vincent English, Creole Saint Vincent and the Grenadines
79%
Trinidad and Tobago English, Creole Trinidad and Tobago
79%
Antigua and Barbuda English Antigua and Barbuda / Aanteega an' Baabyuuda
77%
Grenada English, Creole, Patois Grenada / Gwenad / Gwinad
77%
Japan Japanese Nihon
77%
Romania Romanian România
77%
Barbados English, Creole Barbados
76%
Iran Farsi Īran
76%
Austria German Österreich
76%
St. Kitts and Nevis English, Creole St. Kitts and Nevis
76%
Turkey Turkish Türkiye
75%
Iraq Arabic Al-'Irāq
73%
Indonesia Indonesian Indonesia
73%
Finland Finnish Suomi
73%
Sudan Arabic Sūdān
71%
Kiribati Gilbertese Kiribati
70%
Solomon Islands Pijin Solomon
70%
Andorra Catalan Andorra
69%
Palau Palauan Belau / Palau
69%
Fiji Fijian, Hindi Fiji / Viti
69%
Malta Maltese, Italian Malta
69%
Netherlands Dutch Nederland
69%
Samoa Samoan Sāmoa
69%
Tonga Tongan Tonga
69%
Republic of the Congo French, Lingala, Kituba Congo / Kongó / Kôngo
68%
DR Congo French, Kikongo, Lingála, Swahili Congo / Kongo / Kongó
68%
Iceland Icelandic Ísland
68%
Poland Polish Polska
68%
Micronesia Chuukese, Pohnpeian Micronesia
67%
Moldova Romanian Moldova
67%
Tuvalu Tuvaluan Tuvalu
67%
Vanuatu Bislama, French Vanuatu
67%
Angola Portuguese Angola
65%
Bulgaria Bulgarian Bŭlgariya
65%
Mali Bambara Mali
65%
Rwanda Kinyarwanda Rwanda
65%
San Marino Italian San Marino
65%
Tanzania Swahili Tanzania
65%
Vietnam Vietnamese Việt Nam
65%
Marshall Islands Marshallese Ṃajeḷ
64%
Belgium Dutch, French België / Belgique
64%
Kenya Swahili Kenya
64%
Kyrgyzstan Kyrgyz, Russian Kırgızstan / Kyrgyzstan
64%
Malaysia Malay Malaysia
64%
Norway Norwegian Norge / Noreg
64%
Kazakhstan Kazakh, Russian Qazaqstan / Kazakhstan
64%
Togo French, Ewe Togo
64%
Benin French Bénin
63%
Gabon French, Fang Gabon
63%
Lesotho Sotho Lesotho
63%
Namibia Ovambo Namibia
63%
Libya Arabic Lībiyā
62%
Malawi Chewa, Tumbuka Malaŵi
62%
São Tomé and Príncipe Portuguese, Creole São Tomé and Príncipe
62%
Senegal Wolof Senegaal
62%
Uganda Luganda, Swahili Uganda
62%
Zambia Bemba, Nyanja Zambia
62%
Botswana Tswana Botswana
61%
Eswatini Swazi eSwatini
61%
Qatar Arabic Qaṭar
61%
Sri Lanka Sinhala Śrī Laṅkā
61%
Taiwan Mandarin / Hokkien Táiwān / Tâi-oân
61%
Tunisia Arabic Tūnisiyyah
61%
Zimbabwe Shona Zimbabwe
61%
Belarus Belarusian, Russian Byelarus
60%
Denmark Danish Danmark
60%
Liberia English Liberia
60%
Dominican Republic Spanish República Dominicana
60%
Turkmenistan Turkmen Türkmenistan
60%
Bahrain Arabic Al-Baḥrayn
58%
Liechtenstein German Liechtenstein
58%
Afghanistan Dari, Pashto Afğānistān
56%
Burkina Faso Mooré Burkĩna Faso
56%
Cabo Verde Kriol, Portuguese Kabuverdi / Cabo Verde
56%
Monaco French Monaco
56%
Cote d'Ivoire French, Dyula Côte d'Ivoire / Kɔdiwari
55%
Croatia Serbo-Croatian Hrvatska
55%
Myanmar Burmese Myanmar
55%
Bangladesh Bangladesh Bāṅlādēś
54%
Brunei Malay Brunei
52%
Kuwait Arabic Al-Kuwayt
51%
Russia Russian Rossiya
51%
Sweden Sweden Sverige
51%
Ukraine Ukrainian, Russian Ukrayina / Ukraina
51%
India Hindi Bhārat
48%
Estonia Estonian Eesti
48%
Switzerland German Schweiz
45%
Timor-Leste Tetum Timór Lorosa'e
45%
China Mandarin Zhōngguó / Zhōnghuá
45%
Chad Arabic Tshād
40%
Vatican City Italian Città del Vaticano
39%
Cameroon French, Fula Cameroun / Kamerun
37%
Egypt Arabic Miṣr
35%
Hungary Hungarian Magyarország
33%
Albania Albanian Shqipëria
33%
Cyprus Greek Kýpros
32%
North Macedonia Macedonian, Albanian Makedonija / Maqedonia
32%
Cambodia Kmer Kampuchea
31%
Kosovo Albanian Kosova
31%
Latvia Latvian, Latgalian Latvija / Latveja
31%
Lithuania Lithuania Lietuva
31%
Slovenia Slovene Slovenija
31%
Serbia Serbo-Croatian Srbija
31%
Slovakia Slovak Slovensko
30%
Czechia Czech Česko
27%
Greece Greek Elláda
27%
Luxembourg Luxembourgish Lëtzebuerg
27%
Mozambique Portuguese, Makhuwa Moçambique / Mosambiki
27%
Georgia Georgian Sakartvelo
27%
Ghana Akan Gaana
25%
Equatorial Guinea Spanish, Fang Guinea Ecuatorial / Gini Ekwatorial
25%
South Korea Korean Hanguk
25%
Armenia Armenian Hayastan
25%
North Korea Korean Joseon
25%
Bosnia and Herzegovina Serbo-Croatian Bosna i Hercegovina
24%
Montenegro Serbo-Croatian Crna Gora
24%
Somalia Somali, Arabic Soomaaliya / Al-Ṣūmāl
24%
Guinea-Bissau Kiriol, Portuguese Guiné-Bissau
23%
Central African Republic Sango, French Ködörösêse tî Bêafrîka / République Centrafricaine
23%
Philippines Tagalog, Cebuano Pilipinas
23%
Syria Arabic Sūriyyah
23%
Israel Hebrew Yisrā'el
23%
Comoros Comorian, French Komori / Comores
21%
Oman Arabic 'Umān
20%
Azerbaijan Azeri Azərbaycan
19%
Mauritius Morisyen, French Moris / Maurice
18%
Uzbekistan Uzbek O‘zbekiston
18%
Algeria Arabic Al-Jazāʾir
17%
Mongolia Mongolian Mongol-uls
17%
Morocco Arabic Al-Maghrib
15%
Lebanon Arabic Lubnān
14%
Saudi Arabia Arabic Al-'Arabiyya as-Su'ūdiyya
12%
Yemen Arabic Al-Yaman
12%
Maldives Dhivehi Dhivehiraaje
12%
Bhutan Dzonkha Druk yul
12%
Tajikistan Tajik, Russian Toçikiston / Tadzhikistan
12%
Guinea Fula, Mandingo Gine / Jine
11%
Mauritania Arabic Mūrītāniyyah
11%
Papua New Guinea Tok Pisin Papua Niugini
11%
Nauru Nauruan Naoero
10%
South Africa Zulu, Xhosa, Afrikaans, Pedi Ningizimu Afrika / Mzantsi Afrika / Suid-Afrika / Afrika-Borwa
10%
Seychelles Seychellois Sesel
10%
Djibouti Afar, Somali Gabuuti / Jabuuti
6%
Nepal Nepalese Nēpāla
6%
Madagascar Malagasy Madagasikara
5%
Burundi Kirundi Uburundi
5%
Singapore Mandarin Xīnjiāpō
4%
Jordan Arabic Al-Urdunu
2%
Ethiopia Oromo, Amharic Itiyoppiya / Ītiyop’iya
2%
Nigeria Hausa Najeriya
2%
United Arab Emirates Arabic Al-Imārāt al-'Arabiyya al-Muttaḥida
1%
Eritrea Tigrinya Erǝtǝrā
1%
Gambia Mandinka Kambra
1%
Niger Hausa Nijar
1%
Pakistan Punjabi Pākisatāna
1%
Thailand Thai Pratheṣ̄thịy
1%
South Sudan Nuer Ro̠l Naath
1%
Sierra Leone Krio, Mende, Temne Siera Liɔn / Saaya Liyona / Ro-Marong
1%
Laos Lao Pathedlav
0%
No matching quizzes found
Score Distribution
Percent of People with Each Score
Percentile by Number Answered
Your Score History
You have not taken this quiz